Principles and Practice of Nursing (Record no. 151634)

MARC details
000 -LEADER
fixed length control field 00352nam a2200133Ia 4500
008 - FIXED-LENGTH DATA ELEMENTS--GENERAL INFORMATION
fixed length control field 230411s9999 xx 000 0 und d
041 ## - LANGUAGE CODE
Language code of text/sound track or separate title eng
082 ## - DEWEY DECIMAL CLASSIFICATION NUMBER
Classification number F/610.7302/DAS/B00115
100 ## - MAIN ENTRY--PERSONAL NAME
Personal name Dasgupta S
245 ## - TITLE STATEMENT
Title Principles and Practice of Nursing
260 ## - PUBLICATION, DISTRIBUTION, ETC. (IMPRINT)
Name of publisher, distributor, etc. Academic Publishers
Place of publication, distribution, etc. Calcutta
Date of publication, distribution, etc. 1996
300 ## - PHYSICAL DESCRIPTION
Extent 688p
Holdings
Withdrawn status Lost status Damaged status Not for loan Collection code Home library Current library Date acquired Vendor Cost, normal purchase price Bill number Total Checkouts Full call number Barcode Date last seen Cost, replacement price Bill Date Koha item type Original Barcode
          Smt. Bakul Tambat Institute of Nursing Education Smt. Bakul Tambat Institute of Nursing Education 21/07/2000 S.K.Kothari,Pune. 150.00 4235   F 610.7302 DAS B00115 BTIN-BK-115 11/04/2023 150.00 21/07/2000 Books B00115